Nhập môn sinh học

שמור ב:
מידע ביבליוגרפי
מחבר ראשי: Mac-Kin, D.G
פורמט: ספר
יצא לאור: H. [Knxb] 1972
נושאים:
תגים: הוספת תג
אין תגיות, היה/י הראשונ/ה לתייג את הרשומה!
Thư viện lưu trữ: Trung tâm Học liệu Lê Vũ Hùng, Trường Đại học Đồng Tháp
LEADER 00689pam a22002298a 4500
001 00018508
005 20171026081023.0
008 110427s1972 ||||||Viesd
041 0 # |a Vie 
082 1 4 |a 570,2  |b NH123M 
100 0 # |a Mac-Kin, D.G 
245 0 0 |a Nhập môn sinh học  |c D.G. Mac-Kin 
260 # # |a H.  |b [Knxb]  |c 1972 
300 # # |a 270 tr.  |c 27 cm. 
653 # # |a Các loại sinh vật 
653 # # |a Sinh học 
653 # # |a Nhập môn 
653 # # |a Các đặc điểm cơ thể sống 
852 # # |b Kho đọc  |j KD.0003850 
852 # # |j KD.0003850 
910 |d 27/04/2011 
980 # # |a Trung tâm Học liệu Lê Vũ Hùng, Trường Đại học Đồng Tháp